Marketing Plans: How To Prepare Them, How To Use Them/ (Record no. 3297)

MARC details
000 -LEADER
fixed length control field 00450nam a2200157 a 4500
005 - DATE AND TIME OF LATEST TRANSACTION
control field 20260112063302.0
020 ## - INTERNATIONAL STANDARD BOOK NUMBER
International Standard Book Number 9780750683869
039 #9 - LEVEL OF BIBLIOGRAPHIC CONTROL AND CODING DETAIL [OBSOLETE]
-- 201101152249
-- staff
100 ## - MAIN ENTRY--PERSONAL NAME
Personal name Malcolm Mcdonald
245 ## - TITLE STATEMENT
Title Marketing Plans: How To Prepare Them, How To Use Them/
Remainder of title Mcdonald, Malcolm
250 ## - EDITION STATEMENT
Edition statement [6th ed.]
260 ## - PUBLICATION, DISTRIBUTION, ETC.
Place of publication, distribution, etc. Butterworth-heinemann,
Name of publisher, distributor, etc. 2007
991 ## -
-- VIRTUA40
991 ## -
-- VTLSSORT0080*0200*1000*2450*2500*2600*9991
909 ## -
-- 3728

No items available.

Copyright © 2026 Indian Institute of Management Shillong. All Rights Reserved.